Generación de modelos de negocio: un manual para visionarios, revolucionarios y retadores
Salvato in:
| Autori principali: | , |
|---|---|
| Natura: | Libro |
| Lingua: | spagnolo |
| Pubblicazione: |
Barcelona
Deusto
2012
|
| Edizione: | 4a. ed |
| Soggetti: | |
| Tags: |
Aggiungi Tag
Nessun Tag, puoi essere il primo ad aggiungerne!!
|
MARC
| LEADER | 00000cam a2200000 a 4500 | ||
|---|---|---|---|
| 001 | UCF3167 | ||
| 003 | CL-VaPUC | ||
| 005 | 20240910100224.0 | ||
| 008 | 120927e20120100SP |||||||||||||||||spa|d | ||
| 999 | |c 349649 |d 349647 | ||
| 020 | |a 9788423427994 | ||
| 040 | |c Pontificia Universidad Católica de Valparaíso | ||
| 082 | 0 | 4 | |a 658.404 |b OST |2 21 |
| 100 | |a Osterwalder, Alexander |e autor |9 866511 | ||
| 245 | 1 | 0 | |a Generación de modelos de negocio: un manual para visionarios, revolucionarios y retadores |
| 250 | |a 4a. ed | ||
| 260 | |a Barcelona |b Deusto |c 2012 | ||
| 300 | |a 278 p | ||
| 583 | |a last modification |c 20120927 15:26:00 |k Rodrigo Vera | ||
| 650 | 0 | |a Modelos de negocio |9 565102 | |
| 650 | 0 | |a Negocios |9 262468 | |
| 650 | 0 | |a Toma de decisiones |9 257530 | |
| 700 | 0 | |a Pigneur, Yves |e author |9 565101 | |
| 942 | |c BK |2 ddc | ||
| 945 | |d 20120927 00:00:00 |a dcastane | ||
| 952 | |0 0 |1 0 |2 ddc |4 0 |6 658_404000000000000_OST_2012 |7 0 |8 A |9 452355 |a BIBING |b BIBING |c RES |d 2019-11-22 |i 4909828 |o 658.404 OST 2012 |p 4909828 |r 2025-01-20 |w 2019-11-22 |y BK |k EII | ||
| 952 | |0 0 |1 0 |2 ddc |3 erb |4 0 |6 658_404000000000000_OST_2012 |7 0 |8 A |9 452361 |a BIBING |b BIBING |c RES |i 5198828 |o 658.404 OST 2012 |p 5198828 |r 2025-01-20 |w 2019-11-22 |y BK |z Catalogado en:20150911 |k EII | ||
| 952 | |0 0 |1 0 |2 ddc |3 erb |4 0 |6 658_404000000000000_OST_2012 |7 0 |8 A |9 452362 |a BIBING |b BIBING |c RES |i 5198836 |o 658.404 OST 2012 |p 5198836 |r 2025-01-20 |w 2019-11-22 |y BK |z Catalogado en:20150911 |k EII | ||